| 000 | 00723nam a22002175i 4500 | ||
|---|---|---|---|
| 999 |
_c57606 _d57606 |
||
| 001 | 20766151 | ||
| 005 | 20221107104129.0 | ||
| 008 | 181204s2020 nyu 000 0 eng | ||
| 020 | _a1260128679x | ||
| 080 | _a624.011.1 B-85 | ||
| 100 | 1 |
_aBreyer, Donald E. _99200 |
|
| 245 | 1 | 0 |
_aDesign of wood structures-asd/lrfd / _cDonald E. Breyer, Kelly Cobeen, Zeno Martin. |
| 250 | _aEighth edition | ||
| 264 | 1 |
_aNew York, NY : _bMcGraw-Hill Education, _c2019. |
|
| 300 |
_a873 p. _bill. _c24 cm. |
||
| 653 | _aდიზაინი | ||
| 653 | _aხის კონსტუქციები | ||
| 700 |
_aCobeen, Kelly _eავტორი _99201 |
||
| 700 |
_aMartin, Zeno _eავტორი _99202 |
||
| 942 |
_2udc _cBK |
||